header

Neandertal lithic industries at La Quina (Record no. 57220)

MARC details
000 -LEADER
fixed length control field 01448nam a2200361Ia 4500
082 04 - DEWEY DECIMAL CLASSIFICATION NUMBER
Classification number 569.9/86094464
100 1# - MAIN ENTRY--AUTHOR NAME
Personal name Jelinek, Arthur J.
245 10 - TITLE STATEMENT
Title Neandertal lithic industries at La Quina
260 ## - PUBLICATION, DISTRIBUTION, ETC. (IMPRINT)
Place of publication Tucson :
Name of publisher University of Arizona Press,
Year of publication c2012.
300 ## - PHYSICAL DESCRIPTION
Number of Pages xxv, 419 p.
650 #0 - SUBJECT ADDED ENTRY--TOPICAL TERM
Topical Term Neanderthals
Topical Term Mousterian culture
Topical Term Stone implements
Topical Term Tools, Prehistoric
856 40 - ELECTRONIC LOCATION AND ACCESS
Uniform Resource Identifier http://site.ebrary.com/lib/rucke/Doc?id=10674748

No items available.

© 2026 Rongo University
Contact us: librarian | system librarian | Rongo university